| 000 | 00362nam a2200133Ia 4500 | ||
|---|---|---|---|
| 008 | 240624s9999 xx 000 0 und d | ||
| 041 | _aeng | ||
| 082 | _a658.4092 HAT | ||
| 100 | _aHATALA RICHARD JOHN | ||
| 245 | _aINTEGRATIVE LEADERSHIP BUILDING A FOUNDA | ||
| 260 |
_c2006 _aNew Delhi _bPearson Education |
||
| 300 | _axxxiv, : 366 : p. : cm ; 26 | ||
| 365 | _cRS | ||
| 999 |
_c3941 _d3941 |
||